Witamy w Bibliotece Naukowej Instytutu Łączności!

Peredaca informacii v avtomatizirovannych sistemach upravlenija / (Rekord nr 6482)

000 -LEADER
fixed length control field 00332 a2200097 4500
100 1# - MAIN ENTRY--PERSONAL NAME
Personal name Gojchman, E.S..
Relator term Autor
245 0# - TITLE STATEMENT
Title Peredaca informacii v avtomatizirovannych sistemach upravlenija /
Statement of responsibility, etc Gojchman E.S., Losev Ju.I..
260 ## - PUBLICATION, DISTRIBUTION, ETC. (IMPRINT)
Place of publication, distribution, etc Moskva :
Name of publisher, distributor, etc Svjaz',
Date of publication, distribution, etc 1971.
300 ## - PHYSICAL DESCRIPTION
Extent 159 s.;
Dimensions 24 cm.
700 1# - ADDED ENTRY--PERSONAL NAME
Personal name Losev, Ju.I..
Relator term Autor
710 2# - ADDED ENTRY--CORPORATE NAME
Corporate name or jurisdiction name as entry element Svjaz'.
Relator term Wydawca
Relator code pbl

Brak dostępnych egzemplarzy.

Działa dzięki Koha